Documentos i discusión en ambas caras de la lei num. 3390 que organiza las cortes de justicia y reforma diversos articulos del código de procedimiento civil
Αποθηκεύτηκε σε:
| Μορφή: | Βιβλίο |
|---|---|
| Γλώσσα: | Ισπανικά |
| Έκδοση: |
Santiago
Imprenta Nacional
1918
|
| Θέματα: | |
| Ετικέτες: |
Προσθήκη ετικέτας
Δεν υπάρχουν, Καταχωρήστε ετικέτα πρώτοι!
|
MARC
| LEADER | 00000cam a2200000 a 4500 | ||
|---|---|---|---|
| 001 | UCS3323 | ||
| 003 | CL-VaPUC | ||
| 008 | 970620e19180000CL |||||||||||||||||spa|d | ||
| 082 | 0 | 4 | |a 347.83 |b DOC |2 21 |
| 245 | 1 | 0 | |a Documentos i discusión en ambas caras de la lei num. 3390 que organiza las cortes de justicia y reforma diversos articulos del código de procedimiento civil |
| 300 | |a 1012 p | ||
| 942 | |c BK | ||
| 945 | |d 19970620 00:00:00 |a lriquelm | ||
| 260 | |a Santiago |b Imprenta Nacional |c 1918 | ||
| 650 | 0 | |a Código de procedimiento civil |9 256305 | |
| 650 | 0 | |a Procedimiento civil |9 254870 | |
| 650 | 0 | |a Jurisprudencia |9 255952 | |
| 651 | 7 | |a CHILE |2 CL-VaPUC |9 389356 | |
| 583 | |a last modification |c 20131023 05:28:17 |k Rodrigo Vera | ||
| 999 | |c 261063 |d 261061 | ||
| 952 | |0 0 |1 0 |2 ddc |4 0 |5 1 |6 347_830000000000000_DOC_1918 |7 1 |8 C_LRYV |9 287845 |a FDOBRV |b BIBDER |d 2019-11-19 |i 1868128 |o 347.83 DOC 1918 |p 1868128 |r 2023-01-25 |w 2019-11-19 |y BK_X |k BRV | ||
| 952 | |0 0 |1 0 |4 0 |6 347_830000000000000_DOC_1918 |7 0 |8 DER_HDC |9 287846 |a BIBDER |b BIBDER |d 2019-11-19 |i 1892517 |o 347.83 DOC 1918 |p 1892517 |r 2019-11-19 |w 2019-11-19 |x Ubicación 4to Piso |y BK_X |z Estos recursos deben solicitarse con anticipación |k DER | ||
| 952 | |0 0 |1 0 |2 ddc |4 0 |5 1 |6 347_830000000000000_DOC_1918 |7 1 |8 C_LRYV |9 287847 |a FDOBRV |b BIBDER |d 2019-11-19 |i 1954598 |l 2 |o 347.83 DOC 1918 |p 1954598 |r 2023-01-25 |s 2022-07-08 |w 2019-11-19 |y BK_X |k BRV | ||
| 952 | |0 0 |1 0 |2 ddc |3 erd |4 0 |5 1 |6 347_830000000000000_DOC_1918 |7 1 |8 C_LRYV |9 287848 |a FDOBRV |b BIBDER |d 2019-11-19 |i 5020697 |o 347.83 DOC 1918 |p 5020697 |r 2023-01-25 |w 2019-11-19 |y BK_X |z Catalogado en:20131025 |k BRV | ||